[Event "Dhaka Metropolis op U2100"]
[Site "Dhaka"]
[Date "2022.10.19"]
[Round "3"]
[White "Mohammed, Salim"]
[Black "Md Monir, Hossain"]
[Result "1-0"]
[WhiteElo "1837"]
[BlackElo "1658"]
[PlyCount "64"]
[EventDate "2022.10.17"]
[EventType "swiss"]
[EventRounds "9"]
[EventCountry "BAN"]
[SourceTitle "EXT 2024"]
[Source "ChessBase"]
[SourceDate "2023.10.10"]
[SourceVersion "1"]
[SourceVersionDate "2023.10.10"]
[SourceQuality "1"]

1. c4 e6 2. Nc3 d5 3. cxd5 exd5 4. d4 Nf6 5. Nf3 Bb4 6. Bd2 Bd6 7. g3 c6 8. Bg2 h6 9. 0-0 0-0 10. Qc2 Bg4 11. a3 Re8 12. Rfe1 Qc8 13. Rac1 Bf5 14. Qb3 a6 15. Na4 Nbd7 16. Nh4 Bh7 17. Bh3 Rb8 18. Nb6 Qd8 19. Nxd7 Nxd7 20. Bf5 Nf6 21. Qf3 Qb6 22. Bxh7+ Nxh7 23. b4 Re6 24. Nf5 Rbe8 25. Qg4 Rg6 26. Qh3 Ng5 27. Bxg5 hxg5 28. Qg2 Qd8 29. e4 dxe4 30. Rxe4 Ree6 31. Rce1 Bc7 32. Rxe6 Rxe6 1-0